| 000 | 00639 a2200193 4500 | ||
|---|---|---|---|
| 020 | _a9781605668505 (hbk.) | ||
| 020 | _a1605668508 (hbk.) | ||
| 020 | _a9781605668505 | ||
| 020 | _a9781605668505 | ||
| 040 |
_aDLC _bDLC |
||
| 082 | 0 | 0 | _a005.432 |
| 245 | 0 | 0 |
_aAdvanced operating systems and kernel applications : techniques and technologies _btechniques and technologies _c Yair Wiseman, |
| 260 |
_aHershey, PA : _bInformation Science Reference, _cc2010. |
||
| 300 |
_axviii, 320 p. : _bill. ; _c29 cm. |
||
| 650 | 0 | _aOperating systems (Computers) | |
| 700 | 1 | _aWiseman, Yair, | |
| 700 | 1 | _aWiseman, Yair, | |
| 942 |
_cBK _k005.432 WIS _2ddc |
||
| 999 |
_c10618 _d10618 |
||